| 000 | 00415nam a2200157Ia 4500 | ||
|---|---|---|---|
| 008 | 230312s9999||||xx |||||||||||||| ||und|| | ||
| 020 | _a1-56898-438-3 | ||
| 082 |
_a720.945 _bKIR-A |
||
| 100 | _aKirk;Terry | ||
| 245 | 0 | _aArchitecture of Modern Italy | |
| 260 |
_bPrinceton Architectural press _aUSA _c2005 |
||
| 300 | _a280 | ||
| 546 | _aEng. | ||
| 650 |
_aArchitecture _vArchitecture of Modern Italy |
||
| 942 | _cBK | ||
| 999 |
_c9142 _d9142 |
||